|
|
|
|
| LEADER |
00000nam a22000007a 4500 |
| 008 |
210125b ||||| |||| 00| 0 eng d |
| 020 |
|
|
|a 978-0-85725-975-2
|
| 100 |
|
|
|a HALL, Carol.
|
| 245 |
|
|
|a What is nursing?
|c Carol Hall, Dawn Ritchie.
|e (Transforming nursing practice).
|g - ix, 211p.
|
| 260 |
|
|
|b 3rd ed.
|c 2013
|h SAGE/Learning Matters,
|i 693357
|i 693358
|l RT41 .H14
|m Nursing.
|
| 500 |
|
|
|a “Includes references and index”
|
| 942 |
|
|
|a lcc
|c BK
|e Adeniran, F. A
|f 25/01/2021
|
| 952 |
|
|
|0 0
|1 0
|2 lcc
|4 0
|6 RT0041 H14
|7 0
|9 1658
|a HOL
|b HE
|c QZ
|d 2021-01-25
|l 0
|o RT41 .H14
|p 2021-0444
|r 2021-01-25 00:00:00
|w 2021-01-25
|y BK
|
| 952 |
|
|
|0 0
|1 0
|2 lcc
|4 0
|6 RT0041 H14
|7 0
|9 1660
|a HOL
|b HOL
|c QZ
|d 2021-01-25
|l 0
|o RT41 .H14
|p 2021-0446
|r 2021-01-25 00:00:00
|w 2021-01-25
|y BK
|
| 999 |
|
|
|c 881
|d 881
|